000 00926nam a2200265 a 4500
001 71812
003 BD-RjUL
005 20211209082150.0
008 170508s1969 nyu b 001 0beng d
035 _aBD-RjUL)72028
040 _aDLC
_cDLC
_dUKM
_dEQO
_dBD-RjUL
_beng
041 _aeng
082 _a943.0530924
_bCAH 1969
_223
100 1 _aCarlyle, Thomas,
_d1795-1881.
_963390
245 1 0 _aHistory of Friedrich II. of Prussia, called Frederick the Great /
_c Thomas, Carlyle
260 _aNew York :
_bchicago press,
_cc1969
300 _axl, 479 p. ;
_c21 cm.
490 1 _aClassic European historians
500 _aSelections from the original work
504 _aIncludes bibliographical references and Index
600 0 0 _aFrederick
_cKing of Prussia,
_d1712-1786.
_9212435
651 0 _aPrussia (Germany)
_xHistory
_yFrederick II, 1740-1786
_967123
830 0 _aClassic European historians
_9212436
942 _2ddc
_cBK
999 _c71812
_d71812